Trouvez les pays grâce à leurs présidents - Statistiques

Statistiques générales
  • Ce quiz a été pris 92 fois
  • Le résultat moyen est 7 sur 15
Statistiques - réponses
Hint Réponse % Correct
Emannuel Macron France
100%
Xi Jinping Chine
88%
Volodymyr Zelensky Ukraine
88%
Luiz Inácio Lula da Silva Brésil
76%
Yoon Suk-yeol Corée du Sud
74%
Justin Trudeau Canada
68%
Narendra Modi Inde
49%
Ekateríni Sakellaropoúlou Grèce
37%
Rishi Sunak Angleterre
31%
Salomé Zourabichvili Géorgie
29%
Joe Biden Etat-Unis
24%
Dina Boluarte Pérou
17%
Cyril Ramaphosa Afrique du sud
14%
Vjosa Osmani Kosovo
5%
Sahle-Work Zewde Ethiopie
3%
Aucun quiz correspondant
Distribution des résultats
% des personnes avec chaque résultat
Percentile par nombre de réponses
Votre historique - résultats
Vous n’avez pas pris ce quiz